000 02144nam a2200313Ia 4500
999 _c54897
_d54897
001 21966
003 GE_BSU
005 20220916131644.0
008 181216s2010||||ge |||||||||||||| ||geo||
020 _a9789941416453
040 _cGE_BSU
041 _ageo
080 _a821.353.1.02[სოციალისტური რეალიზმი] გ-24
100 _aგაფრინდაშვილი, ნანა
_912966
245 _aსოციალისტური რეალიზმის თეორიული ისტორია : წ1. სოციალისტური რეალიზმის იდეურ-ესთეტიკური თავისებურებანი (ქართ. ლიტერატურის მაგალითზე) [2 ტომად] /
_cნანა გაფრინდაშვილი, მარიამ მირესაშვილი, ნინო წერეთელი ; რედ. კახა ლორია.
264 _aთბილისი :
_bნეკერი,
_c2010.
300 _a242 გვ. ;
_c21 სმ.
504 _aბიბლიოგრაფია გვ. : 239-242
541 _h10ლ.
653 _aსოციალისტური რეალიზმის თეორიული ისტორია
653 _aქართული ლიტერატურის ისტორია და კრიტიკა
653 _a სოციალისტური რეალიზმი ქართულ ლიტერატურაში
700 _aმირესაშვილი, მარიამ
_eავტორი
_914615
700 _aწერეთელი, ნინო
_eავტორი
_914616
700 _aლორია, კახა
_eრედაქტორი
_914617
710 _aქართველოლოგიის, ჰუმანიტარული და სოციალური მეცნიერების ფონდი
_96074
710 _aრუსთაველის ფონდი
_96074
942 _cBK
_2udc